00591nam a2200169Ia 450000500170000000800410001702000140005808200130007210000120008524500760009726000430017330000130021650000740022994200060030395200970030999900150040620250704022528.0240331s9999 xx 000 0 und d a955210223 bKNOa954 aKnox, R 3aAn historical relation of the island Ceylon :bsecond edition-Volume II aNugegodabM.D.Gunasena Boo k& Coc1992 a385 p ., aSinhala Translation of An Historical Relation of the island of Ceylon cL 001040708LaWERCLbWERCLcSSCd2024-03-31l0o 954.9 KNOp3334r2024-03-31w2024-03-31yL c3482d3482